000 00499nam a2200169Ia 4500
008 090122s9999 xx 000 0 und d
082 _b2366
_aO155:33
100 _aदेवकुळे
_b
_c
245 _aआशा परत येते
260 _bपु वि गाडगीळ
300 _a131
600 _aदेवकुळे
630 _aआशा परत येते
700 _aदेवकुळे
730 _aआशा परत येते
942 _cBOOK
999 _c26444
_d26444